| 000 | 00715nas a2200217 4500 | ||
|---|---|---|---|
| 001 | BR7500496 | ||
| 003 | BR-BrBNA | ||
| 005 | 20231205082804.0 | ||
| 007 | ta | ||
| 008 | 230509b bl.|||p| |||| 00| 00por d | ||
| 040 |
_aBR-BrBNA _bpor _cBiblioteca Nacional de Agricultura |
||
| 041 | _a(Pt) | ||
| 072 | _aF70 | ||
| 100 | 1 | _aRigitano, O. (Instituto Agronomico, Campinas, SP (Brazil). Div. de Horticultura) | |
| 245 | 1 | _aClassificacao de frutos [Nectarina; Prunus persica nucipersica] | |
| 650 | _aTaxonomia vegetal | ||
| 650 | _aNectarina | ||
| 773 | 0 |
_tAgronomico (brazil) _xISSN 0365-2726 _g(Jan/Dec 1975/1976), v. 27/28 p. 12-15 _wBR7500496 |
|
| 909 |
_a202311 _bLúcia _c55 _dLúcia Elande |
||
| 942 |
_2AGRIS _n0 _cANA |
||
| 999 |
_c94224 _d94224 |
||